| 000 | 01507nam a2200469 i 4500 | ||
|---|---|---|---|
| 001 | 17652 | ||
| 003 | KOSZ 005 | ||
| 005 | 20191029142232.0 | ||
| 008 | 020718s1977 pl a f |001 0 pol | ||
| 015 | _aPB 1978/6647 | ||
| 035 | _a991018897529705066 | ||
| 035 | _a(PL-WaBN)b15120727-48omnis_nlop | ||
| 035 | _ab15120727 | ||
| 035 | _a(OCoLC)830323012 | ||
| 035 | _a(PL)b0000001512072 | ||
| 035 | _a(EXLNZ-48OMNIS_NETWORK)9910091629805606 | ||
| 040 |
_aWA N _cWA N _dKOSZ 005/EG |
||
| 041 | _apol | ||
| 046 | _k1977 | ||
| 080 | _a547 | ||
| 080 | _a(075.8) | ||
| 100 | 1 |
_aKupryszewski, Gotfryd _d(1929-2005) _eAutor |
|
| 245 | 1 | 0 |
_aWstęp do chemii organicznej / _cGotfryd Kupryszewski. |
| 260 |
_aWarszawa : _bPaństwowe Wydaw. Naukowe, _c1978. |
||
| 300 |
_a518, [1] s. : _bil. tab. wykr. err. ; _c26 cm. |
||
| 336 |
_2rdacontent _aTekst _btxt |
||
| 337 |
_2rdamedia _aBez urządzenia pośredniczącego _bn |
||
| 338 |
_2rdacarrier _aWolumin _bnc |
||
| 380 | _aKsiążki | ||
| 380 | _aPublikacje dydaktyczne | ||
| 385 |
_mPoziom nauczania _aSzkoły wyższe |
||
| 388 | _a1901-2000 | ||
| 388 | _a1945-1989 | ||
| 504 | _aBibliogr. Indeks. | ||
| 650 | 7 |
_aChemia organiczna _2DBN |
|
| 655 | 7 |
_aPodręczniki akademickie _2DBN |
|
| 658 | _aChemia | ||
| 710 | 2 | _aPaństwowe Wydawnictwo Naukowe | |
| 856 |
_uhttp://koha.tu.koszalin.pl/cgi-bin/koha/opac-detail.pl?biblionumber=17652 _yKatalog online BPK |
||
| 942 |
_2UKD _cKS |
||
| 999 |
_c17652 _d17652 |
||